[Event "Sandnes CC-ch"]
[Site "Sandnes"]
[Date "2015.02.03"]
[Round "1"]
[White "Anda, Hakon"]
[Black "Baldursson, Hrannar"]
[Result "0-1"]
[WhiteElo "1666"]
[BlackElo "2101"]
[PlyCount "54"]
[EventDate "2015.02.03"]
[EventType "swiss"]
[EventRounds "7"]
[EventCountry "NOR"]
[SourceTitle "EXT 2017"]
[Source "ChessBase"]
[SourceDate "2016.10.25"]
[SourceVersion "1"]
[SourceVersionDate "2016.10.25"]
[SourceQuality "1"]

1. Nc3 d5 2. f4 d4 3. Ne4 Qd5 4. Nf2 Nf6 5. Nf3 Nc6 6. d3 e5 7. e4 dxe3 8. Bxe3 Bd6 9. fxe5 Nxe5 10. Be2 Neg4 11. Qd2 0-0 12. 0-0 Re8 13. Nxg4 Nxg4 14. Bf2 Nxf2 15. Rxf2 Bg4 16. Kh1 Qh5 17. h3 Bxf3 18. Bxf3 Qe5 19. g4 Qg3 20. Raf1 Bf4 21. Qxf4 Qxf4 22. Bxb7 Qh6 23. Bxa8 Qxh3+ 24. Kg1 Rxa8 25. Rxf7 Qxg4+ 26. Kh2 Qh5+ 27. Kg3 Qxf7 0-1

[Event "Sandnes CC-ch"]
[Site "Sandnes"]
[Date "2015.02.03"]
[Round "3"]
[White "Imhof, David"]
[Black "Anda, Hakon"]
[Result "1-0"]
[WhiteElo "1530"]
[BlackElo "1666"]
[PlyCount "53"]
[EventDate "2015.02.03"]
[EventType "swiss"]
[EventRounds "7"]
[EventCountry "NOR"]
[SourceTitle "EXT 2017"]
[Source "ChessBase"]
[SourceDate "2016.10.25"]
[SourceVersion "1"]
[SourceVersionDate "2016.10.25"]
[SourceQuality "1"]

1. e4 b6 2. d4 Bb7 3. f3 e6 4. Be3 Nf6 5. Bd3 d6 6. c4 Nbd7 7. Ne2 Be7 8. Nbc3 0-0 9. g4 e5 10. d5 c6 11. Ng3 cxd5 12. exd5 Ne8 13. Qc2 h6 14. Nf5 Bh4+ 15. Ke2 Nc5 16. Rag1 Nxd3 17. Qxd3 Bg5 18. Ne4 Bxe3 19. Qxe3 Bc8 20. Nxh6+ gxh6 21. Qxh6 f6 22. g5 f5 23. g6 Qe7 24. g7 Nxg7 25. Ng5 Ne8 26. Ne6+ Kf7 27. Qg6# 1-0

[Event "CP-2009-Q-00002"]
[Site "LSS email"]
[Date "2011.02.03"]
[Round "?"]
[White "Anda, Hakon"]
[Black "Daenen, Serge"]
[Result "1/2-1/2"]
[WhiteElo "2123"]
[BlackElo "2202"]
[PlyCount "130"]
[EventDate "2011.02.05"]
[EventType "tourn (corr)"]
[EventRounds "8"]
[EventCountry "GER"]
[SourceTitle "Telechess CBM 149"]
[Source "ChessBase"]
[SourceDate "2012.07.17"]
[SourceVersion "1"]
[SourceVersionDate "2012.07.17"]
[SourceQuality "1"]

1. Nc3 g6 2. h4 h5 3. d4 Bg7 4. e4 c6 5. Bc4 d5 6. exd5 b5 7. Bb3 b4 8. Nce2 cxd5 9. Bg5 Nc6 10. Nf3 Bb7 11. a3 a5 12. Nf4 Nf6 13. 0-0 e6 14. Re1 0-0 15. c3 bxc3 16. bxc3 Qd6 17. c4 Ne4 18. c5 Qc7 19. Ne2 Ba6 20. Be3 a4 21. Bc2 e5 22. Nxe5 Nxe5 23. dxe5 Bxe5 24. Bd4 Bh2+ 25. Kh1 Be5 26. Rc1 Bxd4 27. Qxd4 Qxc5 28. Bxe4 Qxd4 29. Nxd4 dxe4 30. Rxe4 Rac8 31. Rce1 Rc3 32. R1e3 Rxe3 33. Rxe3 Rc8 34. Kh2 Rc4 35. Re4 Bc8 36. Rf4 Bg4 37. f3 Bd7 38. Ne2 Rc2 39. Re4 Ra2 40. Nd4 Kf8 41. Re3 Rd2 42. Ne2 Bb5 43. Nf4 Rb2 44. Kg1 Kg7 45. Nd5 Bc4 46. Nc7 f5 47. Rc3 Bf7 48. Rc5 Rb3 49. Nb5 Kf8 50. Kh2 Be8 51. Nd6 Bd7 52. Nc4 Ke7 53. Ra5 Bb5 54. Nb6 Bc6 55. Nc4 Rc3 56. Ne5 Be8 57. Kg3 Rxa3 58. Ra6 Rc3 59. Nxg6+ Bxg6 60. Rxg6 Rc5 61. Ra6 Rc4 62. Rh6 Rc8 63. Ra6 Rc4 64. Rh6 Rc5 65. Ra6 Rc4 1/2-1/2

[Event "CP-2009-Q-00002"]
[Site "LSS email"]
[Date "2011.02.03"]
[Round "?"]
[White "Anda, Hakon"]
[Black "Kulczycki, Michael"]
[Result "1/2-1/2"]
[WhiteElo "2123"]
[BlackElo "1973"]
[PlyCount "68"]
[EventDate "2011.02.05"]
[EventType "tourn (corr)"]
[EventRounds "8"]
[EventCountry "GER"]
[SourceTitle "Telechess CBM 149"]
[Source "ChessBase"]
[SourceDate "2012.07.17"]
[SourceVersion "1"]
[SourceVersionDate "2012.07.17"]
[SourceQuality "1"]

1. Nc3 d5 2. f4 Nf6 3. e3 c5 4. Nf3 Nc6 5. Ne5 e6 6. Bb5 Qc7 7. 0-0 Bd6 8. b3 0-0 9. Bxc6 bxc6 10. Na4 Ba6 11. c4 dxc4 12. Nxc4 Bxc4 13. bxc4 e5 14. Bb2 Rab8 15. Bc3 Ne4 16. f5 Nxc3 17. Nxc3 e4 18. f6 Bxh2+ 19. Kh1 Rfe8 20. Qg4 g6 21. Nxe4 Bd6 22. d3 Re5 23. Kg1 Rh5 24. Rab1 Rxb1 25. Rxb1 Be5 26. Rf1 h6 27. Qd1 Qb6 28. Qc1 Qd8 29. Qb1 a5 30. Qd1 a4 31. Qc2 Qc8 32. Qe2 a3 33. Qd1 Bc7 34. Rf3 Bh2+ 1/2-1/2

[Event "ZH-2010-0-00443"]
[Site "LSS email"]
[Date "2010.07.03"]
[Round "?"]
[White "Anda, Hakon"]
[Black "Kele, Karoly"]
[Result "1/2-1/2"]
[WhiteElo "2121"]
[BlackElo "2047"]
[PlyCount "106"]
[EventDate "2010.06.20"]
[EventType "match (corr)"]
[EventRounds "2"]
[EventCountry "GER"]
[SourceTitle "Telechess CBM 143"]
[Source "ChessBase"]
[SourceDate "2011.07.15"]
[SourceVersion "1"]
[SourceVersionDate "2011.07.15"]
[SourceQuality "1"]

1. d4 Nf6 2. Nf3 e6 3. c4 b6 4. a3 Bb7 5. Nc3 d5 6. cxd5 Nxd5 7. Qc2 Nxc3 8. bxc3 Nd7 9. e4 c5 10. Bf4 cxd4 11. cxd4 Rc8 12. Qb3 Be7 13. Bd3 Nf6 14. Qb5+ Bc6 15. Qb1 0-0 16. 0-0 Qd7 17. Re1 Ba4 18. Bd2 h6 19. Qb2 Rfd8 20. Bb4 Rc7 21. Rac1 Rdc8 22. Ne5 Qd8 23. Rxc7 Rxc7 24. Bxe7 Qxe7 25. Rc1 Qd6 26. Rxc7 Qxc7 27. g3 Nd7 28. Nc4 b5 29. Ne3 a6 30. f4 Qc6 31. Kf2 Nf6 32. Kf3 h5 33. h3 a5 34. f5 Nd7 35. Bb1 h4 36. gxh4 Nf6 37. fxe6 Qxe6 38. Qg2 Qe7 39. e5 Ne8 40. Bc2 Qxa3 41. Bxa4 Qxa4 42. Qg4 b4 43. d5 Qb5 44. Qc8 Kh7 45. Qf5+ Kg8 46. d6 Qc6+ 47. Ke2 Nxd6 48. exd6 Qxd6 49. Qxa5 b3 50. Qa8+ Kh7 51. Qe4+ Kg8 52. Qe8+ Kh7 53. Qxf7 b2 1/2-1/2

[Event "ZH-2010-0-00443"]
[Site "LSS email"]
[Date "2010.07.03"]
[Round "?"]
[White "Kele, Karoly"]
[Black "Anda, Hakon"]
[Result "1/2-1/2"]
[WhiteElo "2036"]
[BlackElo "2124"]
[PlyCount "94"]
[EventDate "2010.06.20"]
[EventType "match (corr)"]
[EventRounds "2"]
[EventCountry "GER"]
[SourceTitle "Telechess CBM 143"]
[Source "ChessBase"]
[SourceDate "2011.07.15"]
[SourceVersion "1"]
[SourceVersionDate "2011.07.15"]
[SourceQuality "1"]

1. e4 e5 2. Nf3 Nc6 3. Bb5 a6 4. Ba4 Nf6 5. 0-0 Be7 6. Re1 b5 7. Bb3 d6 8. c3 0-0 9. h3 Bb7 10. d4 Re8 11. Nbd2 Bf8 12. a4 Na5 13. Ba2 exd4 14. cxd4 c5 15. d5 g6 16. Rb1 b4 17. Qc2 Bc8 18. b3 Nh5 19. Bb2 Bg7 20. Rbd1 Bxb2 21. Qxb2 Nf4 22. Bb1 f6 23. Re3 Qe7 24. Bd3 Ra7 25. Bf1 g5 26. Nc4 Nxc4 27. Bxc4 Qg7 28. Nh2 h5 29. Rde1 g4 30. h4 Ng6 31. g3 Ne5 32. Qc2 a5 33. Be2 Rae7 34. Nf1 f5 35. exf5 Qf6 36. Nd2 Bxf5 37. Qd1 Nd3 38. Bxd3 Bxd3 39. Rxe7 Rxe7 40. Rxe7 Qxe7 41. Qc1 Kg7 42. Nc4 Bxc4 43. bxc4 Qe5 44. Qb1 Kf6 45. Qh7 b3 46. Qh8+ Ke7 47. Qh7+ Kf8 1/2-1/2

[Event "LSS No Engine Cup 13 Preliminary 1"]
[Site "LSS email"]
[Date "2009.12.27"]
[Round "?"]
[White "Anda, Hakon"]
[Black "Fernandez, German"]
[Result "1-0"]
[WhiteElo "2121"]
[BlackElo "924"]
[PlyCount "33"]
[EventDate "2009.12.28"]
[EventType "tourn (corr)"]
[EventRounds "6"]
[EventCountry "GER"]
[SourceTitle "Corr 2013"]
[Source "ChessBase"]
[SourceDate "2012.11.12"]
[SourceVersion "1"]
[SourceVersionDate "2012.11.12"]
[SourceQuality "1"]

1. Nc3 g6 2. h4 Bg7 3. h5 e6 4. e4 Nc6 5. Nf3 d5 6. d3 Bxc3+ 7. bxc3 dxe4 8. hxg6 fxg6 9. Ng5 Nf6 10. Be3 h6 11. Nxe4 Nxe4 12. dxe4 Qxd1+ 13. Rxd1 h5 14. Bb5 Bd7 15. Bg5 a6 16. Be2 Ne5 17. Bf6 1-0

[Event "LSS CP-2009-P-00074"]
[Site "LSS email"]
[Date "2009.09.27"]
[Round "?"]
[White "Anda, Hakon"]
[Black "Kis Kos, Laszlo"]
[Result "1-0"]
[WhiteElo "2154"]
[BlackElo "1735"]
[PlyCount "51"]
[EventDate "2009.10.01"]
[EventType "tourn (corr)"]
[EventRounds "6"]
[EventCountry "GER"]
[SourceTitle "Telechess CBM 137"]
[Source "ChessBase"]
[SourceDate "2010.07.15"]
[SourceVersion "1"]
[SourceVersionDate "2010.07.15"]
[SourceQuality "1"]

1. Nc3 Nf6 2. f4 d5 3. e3 c5 4. Nf3 g6 5. Ne5 Nc6 6. Bb5 Bd7 7. 0-0 Bg7 8. d4 cxd4 9. exd4 0-0 10. Be3 Ne4 11. Bd3 Nxc3 12. bxc3 Be6 13. Rb1 Qc7 14. Qe2 Nxe5 15. fxe5 b6 16. Bd2 h5 17. Qf3 Rac8 18. Qg3 Qb7 19. Qh4 Rfd8 20. Rf2 Bg4 21. h3 Be6 22. Rbf1 Qd7 23. g4 hxg4 24. hxg4 Qa4 25. Bxg6 fxg6 26. Rh2 1-0

[Event "LSS CP-2009-P-00074"]
[Site "LSS email"]
[Date "2009.09.27"]
[Round "?"]
[White "Rusak, Alexandr Victorovic"]
[Black "Anda, Hakon"]
[Result "0-1"]
[WhiteElo "1903"]
[BlackElo "2147"]
[PlyCount "108"]
[EventDate "2009.10.01"]
[EventType "tourn (corr)"]
[EventRounds "6"]
[EventCountry "GER"]
[SourceTitle "Corr 2013"]
[Source "ChessBase"]
[SourceDate "2012.11.12"]
[SourceVersion "1"]
[SourceVersionDate "2012.11.12"]
[SourceQuality "1"]
[WhiteTeam "US of America"]
[BlackTeam "US of America"]
[WhiteTeamCountry "USA"]
[BlackTeamCountry "USA"]

1. d4 Nf6 2. c4 e6 3. g3 d5 4. Bg2 dxc4 5. Nf3 Nc6 6. Qa4 Bb4+ 7. Bd2 Nd5 8. Bxb4 Ndxb4 9. 0-0 Rb8 10. Na3 0-0 11. Qb5 b6 12. Qxc4 Ba6 13. Nb5 Qd5 14. Qxd5 Nxd5 15. a4 Na5 16. Ne5 Rbd8 17. Bxd5 Bxb5 18. axb5 Rxd5 19. b4 Nb3 20. Rxa7 Nxd4 21. Nc6 Nxe2+ 22. Kg2 Rd7 23. Ne5 Rd5 24. Nc6 Rd7 25. Rfa1 Nd4 26. Ne5 Re7 27. Nc6 Nxc6 28. bxc6 e5 29. Rd1 Rc8 30. Rd7 Kf8 31. Kf3 g6 32. Ke4 f6 33. b5 Kf7 34. Ke3 Ke6 35. Rd2 g5 36. h3 h5 37. Ra1 Rf7 38. Rad1 Ra8 39. Rd8 Ra5 40. Re8+ Re7 41. Rxe7+ Kxe7 42. Rd7+ Ke6 43. Rxc7 Rxb5 44. Rh7 Rc5 45. Rxh5 Rxc6 46. Rh8 Kf5 47. h4 gxh4 48. Rh5+ Kg6 49. Rxh4 Rc3+ 50. Ke2 Rb3 51. Rh8 b5 52. Rb8 Kf5 53. f3 b4 54. Rb6 Rb1 0-1

[Event "LSS BI-2009-P-00009"]
[Site "LSS email"]
[Date "2009.04.19"]
[Round "?"]
[White "Anda, Hakon"]
[Black "Do Amaral, Rogerio Einloft"]
[Result "1-0"]
[WhiteElo "2158"]
[BlackElo "1945"]
[PlyCount "89"]
[EventDate "2009.04.20"]
[EventType "tourn (corr)"]
[EventRounds "10"]
[EventCountry "GER"]
[SourceTitle "Corr 2011"]
[Source "ChessBase"]
[SourceDate "2010.08.31"]
[SourceVersion "1"]
[SourceVersionDate "2010.08.31"]
[SourceQuality "1"]

1. Nc3 d5 2. f4 d4 3. Ne4 Nf6 4. Nf2 c5 5. Nf3 Nc6 6. g3 g6 7. Bg2 Bg7 8. Nd3 Qa5 9. c3 dxc3 10. dxc3 0-0 11. Nd2 Be6 12. Nb3 Bxb3 13. Qxb3 Nd4 14. Qd1 c4 15. Ne5 Rad8 16. Bd2 Nf5 17. Qc2 Nd6 18. 0-0 Nd7 19. Nxd7 Rxd7 20. e4 Qb6+ 21. Kh1 Rfd8 22. Rad1 e6 23. Bc1 Qa5 24. a3 h5 25. Bf3 Qc7 26. Be3 b6 27. Qa4 Kh7 28. Kg2 e5 29. fxe5 Bxe5 30. Rd5 f6 31. Rfd1 Kg7 32. R1d2 Rf7 33. Qd1 Re7 34. Bd4 Bxd4 35. R2xd4 Re6 36. h4 Kf8 37. g4 Ke7 38. gxh5 gxh5 39. Qd2 Kd7 40. Kf1 Kc8 41. Bxh5 Kb8 42. Bg4 f5 43. Bh3 Qc6 44. Qg5 Rde8 45. Qg3 1-0

[Event "LSS BI-2009-P-00009"]
[Site "LSS email"]
[Date "2009.04.19"]
[Round "?"]
[White "Gonzalez, Gervasio"]
[Black "Anda, Hakon"]
[Result "0-1"]
[WhiteElo "1817"]
[BlackElo "2150"]
[PlyCount "94"]
[EventDate "2009.04.20"]
[EventType "tourn (corr)"]
[EventRounds "10"]
[EventCountry "GER"]
[SourceTitle "Telechess CBM 137"]
[Source "ChessBase"]
[SourceDate "2010.07.15"]
[SourceVersion "1"]
[SourceVersionDate "2010.07.15"]
[SourceQuality "1"]

1. e4 e6 2. d4 d5 3. Nd2 c5 4. exd5 Qxd5 5. Ngf3 cxd4 6. Bc4 Qd6 7. 0-0 Nf6 8. Nb3 Nc6 9. Nbxd4 Nxd4 10. Nxd4 Bd7 11. b3 Be7 12. a4 Qc7 13. Nb5 Qb8 14. Bg5 a6 15. Nd4 Qc7 16. Qf3 Bd6 17. Qh3 0-0-0 18. Rad1 Kb8 19. Rfe1 h6 20. Bh4 Rde8 21. Bg3 e5 22. Nf5 Bb4 23. c3 Bxc3 24. Re3 Bb4 25. Re2 Ka8 26. Bd3 Qc5 27. Rc2 Qb6 28. Bf1 g6 29. Rxd7 Nxd7 30. Ne3 Qd6 31. Nc4 Qe6 32. Qh4 g5 33. Qh5 f5 34. Qd1 Rd8 35. f3 e4 36. fxe4 Bc5+ 37. Bf2 fxe4 38. Bxc5 Nxc5 39. Qb1 Rhf8 40. Qe1 Nxb3 41. Ne3 Qb6 42. Rb2 Rd4 43. Kh1 Rxa4 44. Rb1 Qd4 45. Bc4 Nc5 46. Bf1 Nd3 47. Bxd3 exd3 0-1

[Event "LSS BI-2009-P-00009"]
[Site "LSS email"]
[Date "2009.04.19"]
[Round "?"]
[White "Gyongyosi, Peter Laszlo"]
[Black "Anda, Hakon"]
[Result "0-1"]
[WhiteElo "1222"]
[BlackElo "2194"]
[PlyCount "58"]
[EventDate "2009.04.20"]
[EventType "tourn (corr)"]
[EventRounds "10"]
[EventCountry "GER"]
[SourceTitle "Corr 2011"]
[Source "ChessBase"]
[SourceDate "2010.08.31"]
[SourceVersion "1"]
[SourceVersionDate "2010.08.31"]
[SourceQuality "1"]

1. d4 Nf6 2. c4 g6 3. Nc3 Bg7 4. Nf3 d5 5. e3 0-0 6. cxd5 Nxd5 7. Bc4 Nb6 8. Bb3 c5 9. 0-0 cxd4 10. Nxd4 Nc6 11. Nxc6 bxc6 12. Qf3 Ba6 13. Rd1 Qc7 14. Bd2 Rad8 15. Be1 Nd7 16. Rac1 Nc5 17. Bc2 Be5 18. g3 Qb6 19. b3 f5 20. Nb1 Bg7 21. Bc3 e5 22. b4 Nd3 23. Bb3+ Kh8 24. a3 Nxc1 25. Rxc1 c5 26. Bb2 cxb4 27. a4 f4 28. Qc6 Qxc6 29. Rxc6 fxe3 0-1

[Event "IECG OP.2006.0.00083"]
[Site "IECG email"]
[Date "2006.06.29"]
[Round "?"]
[White "Anda, Hakon"]
[Black "Daurelle, Herve"]
[Result "0-1"]
[WhiteElo "2227"]
[BlackElo "2323"]
[PlyCount "38"]
[EventDate "2006.06.29"]
[EventType "tourn (corr)"]
[EventRounds "6"]
[SourceTitle "Corr 2008"]
[Source "ChessBase"]
[SourceDate "2008.06.24"]
[SourceVersion "1"]
[SourceVersionDate "2008.06.24"]
[SourceQuality "1"]

1. Nc3 Nf6 2. d3 e5 3. f4 exf4 4. Bxf4 d5 5. e3 c5 6. Nf3 d4 7. exd4 cxd4 8. Ne4 Nd5 9. Bd2 Nc6 10. Be2 f5 11. Ng3 Bb4 12. 0-0 Qb6 13. Nh5 0-0 14. Nf4 Nce7 15. Bxb4 Qxb4 16. Qc1 Ne3 17. Re1 Qd6 18. g3 N7d5 19. Nxd5 Qxd5 0-1

[Event "IECG OP.2006.0.00083"]
[Site "IECG email"]
[Date "2006.06.29"]
[Round "?"]
[White "Krupikov, Andrey Viktorovich"]
[Black "Anda, Hakon"]
[Result "1/2-1/2"]
[WhiteElo "1517"]
[BlackElo "2227"]
[PlyCount "60"]
[EventDate "2006.06.29"]
[EventType "tourn (corr)"]
[EventRounds "6"]
[SourceTitle "Corr 2008"]
[Source "ChessBase"]
[SourceDate "2008.06.24"]
[SourceVersion "1"]
[SourceVersionDate "2008.06.24"]
[SourceQuality "1"]

1. e4 e6 2. d4 d5 3. Nc3 Nf6 4. Bg5 dxe4 5. Nxe4 Nbd7 6. Nxf6+ Nxf6 7. Nf3 h6 8. Be3 a6 9. Bd3 b6 10. 0-0 Bb7 11. c4 Be7 12. Ne5 0-0 13. Qc2 c5 14. f4 cxd4 15. Bf2 Bc5 16. a3 a5 17. Bh4 Qc7 18. Rae1 Ne4 19. Kh1 f5 20. Ng6 Rfe8 21. Bf2 Rad8 22. Bh4 Rc8 23. Bf2 Qf7 24. Ne5 Qh5 25. Rd1 Bd6 26. Bxd4 Ng3+ 27. Kg1 Nxf1 28. Rxf1 Bxe5 29. Bxe5 Red8 30. Be2 Qe8 1/2-1/2